000 00313nam a22001337a 4500
008 170523b xxu||||| |||| 00| 0 eng d
020 _a9780072868906
041 _aeng
080 _23RD
_a62
100 _a26
101 _aIM
245 _aTHE ENGINEERING STUDENT SURVIVAL GUIDE
_cDONALDSON. K
942 _2udc
_cBK
999 _c13955
_d13955